000 00959cam a2200289 a 4500
001 15495407
005 20180307090158.0
008 081023s2009 flua b 001 0 eng
010 _a 2008044088
015 _aGBA8A7816
_2bnb
016 7 _a014749749
_2Uk
020 _a9781420061338 (alk. paper)
020 _a142006133X (alk. paper)
035 _a(OCoLC)ocn244056806
035 _a(OCoLC)244056806
040 _aDLC
_cDLC
_dUKM
_dYDXCP
_dBAKER
_dC#P
_dBWX
_dCDX
_dDLC
041 _aeng
080 _a620.11 rob
082 0 0 _a620.11 rob
_222
100 1 _a12
101 _akim
245 1 0 _aIntroduction to the physics and chemistry of materials /
_cRobert J. Naumann.
504 _aIncludes bibliographical references and index.
906 _a7
_bcbc
_corignew
_d1
_eecip
_f20
_gy-gencatlg
942 _2ddc
_cBK
999 _c44331
_d44331